00625cam a22001697a 4500003000500000005001700005008004100022010000900063011000900072035000900081040000900090100002000099245008100119500018500200650005700385650001300442CHAP20220329133339.0971013s r 00010 d a5241 a6213 a5433 cCHAP00aMellor, John W. 0aDramatic poverty reduction in the Third Worldb: prospects and needed action aSobretiro de: Ryan, J. G. ,ed. Agricultural prospects an challanges in developing countries [Canberra?]: [Australia Centre for International Agricultural Research?] 1989. pp. 17-2014aPaíses subdesarrolladosxCondiciones económicas.14aPobreza.